| 000 | 00534nam a22001577a 4500 | ||
|---|---|---|---|
| 005 | 20231031065007.0 | ||
| 008 | 231031b |||||||| |||| 00| 0 eng d | ||
| 041 | _aEnglish | ||
| 082 | _a347.5 NAT | ||
| 100 |
_aNathan, M _lEnglish |
||
| 245 |
_aThe Law and Practice relating to Interdicts : _b(including mandamus and spoliation orders) / _cM Nathan |
||
| 260 |
_aSouth Africa : _bHortors Limited, _c1939 |
||
| 300 |
_bviii, 399 pages ; _c23 cm. |
||
| 650 |
_alegal practice _bLaw |
||
| 942 |
_cBK _6ALISON_BN_VRIES |
||
| 999 |
_c158 _d158 |
||